| 000 | 00857nam a2200181Ia 4500 | ||
|---|---|---|---|
| 003 | IN-BaIIA | ||
| 008 | 211028s9999 xx 000 0 eng d | ||
| 020 | _a1-886733-10-4 | ||
| 040 | _cIIA Library | ||
| 080 |
_a082.2:52 _bASP-89 |
||
| 111 |
_aAstronomical Society of the Pacific Symposium on Astronomy Education, Current Developments, Future Coordination _cCollege Park, Maryland _d1995 June 24-25 _920910 |
||
| 245 | 0 |
_aAstronomy education _bproceedings of an ASP Symposium on Astronomy education, current Developments, future coordination, held in College Park, Maryland, USA, 24-25 Jun 1995 _cedited by J. R Percy |
|
| 260 |
_aCalifornia _bAstronomical Society of the Pacific _c1996 |
||
| 300 | _a[various pagings.] | ||
| 650 |
_aAstronomy education _920911 |
||
| 700 |
_aPercy, J. R ., ed. _916667 |
||
| 942 | _cBK | ||
| 999 |
_c12022 _d12022 |
||